Writing for animation

Saved in:
Bibliographic Details
Main Authors Beaumont, Laura, 1956- (Author), Larson, Paul, (Screenwriter) (Author)
Format Electronic eBook
LanguageEnglish
Published New York, NY : Bloosmbury Academic, 2021.
Subjects
Online AccessFull text
ISBN9781501358647
9781501358630
9781501358654
9781501358678
9781501358661
Physical Description1 online zdroj : ilustrace (barevné)

Cover

LEADER 00000cam a2200000 i 4500
001 113438
003 CZ-ZlUTB
005 20260603132215.0
006 m o d
007 cr |||||||||||
008 210305t20212021nyua eof 001 0 eng
020 |a 9781501358647  |q (electronic bk.) 
020 |a 9781501358630  |q (electronic book) 
020 |a 9781501358654  |q (electronic book) 
020 |z 9781501358678  |q (hardcover) 
020 |z 9781501358661  |q (paperback) 
035 |a (OCoLC)1240828752 
040 |a DLC  |b eng  |c DLC  |d OCLCO  |d OCLCF  |d BLOOM  |d YDX  |d NLW  |d YDX  |d UKAHL  |d N$T  |d OCLCQ  |d UBY  |d OCLCO  |d OCLCL  |d MUQ  |e rda 
042 |a pcc 
072 7 |a 791  |x Film. Cirkus. Lidová zábava  |2 Konspekt  |9 3 
080 |a 791.228  |2 MRF 
080 |a 791.632  |2 MRF 
080 |a 7.097  |2 MRF 
080 |a (0.034.2:08)  |2 MRF 
080 |a (035)  |2 MRF 
100 1 |a Beaumont, Laura,  |d 1956-  |e author. 
245 1 0 |a Writing for animation /  |c Laura Beaumont and Paul Larson. 
264 1 |a New York, NY :  |b Bloosmbury Academic,  |c 2021. 
264 4 |c ©2021 
300 |a 1 online zdroj :  |b ilustrace (barevné) 
336 |a text  |b txt  |2 rdacontent 
337 |a počítač  |b c  |2 rdamedia 
338 |a online zdroj  |b cr  |2 rdacarrier 
504 |a Obsahuje bibliografické odkazy a index 
506 |a Plný text je dostupný pouze z IP adres počítačů Univerzity Tomáše Bati ve Zlíně nebo vzdáleným přístupem pro zaměstnance a studenty 
588 |a Description based on online resource; title from digital title page (viewed on November 09, 2021). 
590 |a eBooks on EBSCOhost  |b All EBSCO eBooks 
650 0 7 |a animované filmy  |7 ph118468  |2 czenas 
650 0 7 |a filmová scenáristika  |7 ph120187  |2 czenas 
650 0 7 |a televizní scenáristika  |7 ph126519  |2 czenas 
650 0 9 |a animated films  |2 eczenas 
650 0 9 |a motion picture authorship  |2 eczenas 
650 0 9 |a television authorship  |2 eczenas 
655 7 |a elektronické knihy  |7 fd186907  |2 czenas 
655 7 |a příručky  |7 fd133209  |2 czenas 
655 9 |a electronic books  |2 eczenas 
655 9 |a handbooks and manuals   |2 eczenas 
700 1 |a Larson, Paul,  |c (Screenwriter),  |e author. 
776 0 8 |i Print version:  |a Beaumont, Laura, 1956-  |t Writing for animation  |d New York : Bloosmbury Academic, 2021.  |z 9781501358678  |w (DLC) 2021006785 
856 4 0 |u https://search.ebscohost.com/login.aspx?direct=true&scope=site&db=nlebk&AN=3316898&authtype=ip,shib&custid=s3936755 
942 |2 udc 
992 |c EBOOK-TN  |c EBSCO 
993 |x NEPOSILAT  |y EIZ 
999 |c 113438  |d 113438